Регионална библиотека "Любен Каравелов" - Русе

Ейглетиерови (Запис номер 113307)

MARC детайли
000 -Лидер
Контролно поле с фиксирана дължина nam a22 a 4500
003 - Код на организацията, давaща контролен номер
Контролно поле BLK
005 - Дата и час на последна редакция
Контролно поле 20230407102736.0
008 - Елементи от данни с фиксирана дължина
fixed length control field 180409b bul|||||r ||||||| ||bul||
010 ## - Наследен системен номер
LC control number KNG00118708000
020 ## - Международен стандартен номер на книга ISBN
Международен стандартен номер на книга ISBN 954-442-011-8
040 ## - Източник на каталожния запис
Идентификатор на билиотеката - собственик на записа BLK
041 ## - Код за език
Код за езика на текст/звукозапис или на отделно заглавие Български
Код за езика КДБФ Български
080 ## - УДК
Текстов определител УДК Френска литература
УДК код - определител по УДК 821.133.1
УДК определител -31
УДК - код + определител 821.133.1-31
100 1# - Редна дума - Автор
Автор Троая, Анри
Авторска отговорност първи автор
Автор - информация (биография) Троя, Анри
R(LIN) 131509
139 ## - Редно поле
Редна дума Троая, Анри
Авторски знак Тро - Т 86
245 10 - Сведения за заглавието
Заглавие Ейглетиерови
Подзаглавни данни Трилогия
Редно поле (дума) Анри Троая; прев. от фр. Никола Ненов Шивачев.
Том Кн. 3
Заглавие на том Вълнения - Краят на Ейглетиерови
250 ## - Област на изданието
Сведения за изданието 3. изд.
257 ## - Страна на издаване
Страна на създаване/издаване Франция
260 ## - Област на издателските данни
Място на издаване, разпространение и проч. Пловдив
Име на издателя, разпространителя и проч. Христо Г. Данов
Година на издаване 1993 -
Печатница Пловдив : Полиграфия
9 (RLIN) 209596
Издателство - префикс ISBN 954-442-
300 ## - Физическа характеристика
Страници 316 с.
Размери/Мащаб 20 см
380 ## - Жанр
Жанр Худож. лит.
500 ## - Общи забележки
Забележка Ориг. загл. Les Eygletiere : La faim des lionceaux / Henri Troyat. - 1. изд. 1972 на изд. Хр. Г. Данов. - Офс. изд.
653 ## - Ключова дума – ненормативна
Ключова дума романи
700 1# - Други автори (авторска отговорност)
Лично име Шивачев, Никола Ненов
Автороска отговорност (Описва отношението между автора и произведението) прев. от фр.
9 (RLIN) 376065
760 1# - Описание на основната серия
Редна дума на основното описание Троая, Анри
Издание 3. изд.
Място на издаване, издател и година Христо Г. Данов, 1993
Страници - том 316 с.
Забележка - том Ориг. загл. La Malandre / Henri Troyat. - 1. изд. 1973.
Заглавие Кн. 3 Вълнения - Краят на Ейглетиерови
852 ## - Местоположение
Форматна сигнатура Цб 172571
Фондова буква Хранилище
856 4# - Електронен адрес и достъп
Електронен формат pdf - файл
Инструкция (цена за достъп) 0.00
Права за достъп disable
856 4# - Електронен адрес и достъп
Електронен формат pdf - файл
Инструкция (цена за достъп) 0.00
Права за достъп disable
999 ## - СИСТЕМНИ КОНТРОЛНИ НОМЕРА
Koha biblionumber 113307
Koha biblioitemnumber 113307
942 ## - АРТИКУЛИ
Вид на библиотечния материал Книги
Скрит в OPAC Не
Koha issues (borrowed), all copies 4
Периодичен библиозапис Да
944 ## - СЪЗДАВАНЕ И РЕДАКЦИЯ на ЗАПИСА
Създаване/Редакция Създаване
Дата на регистрацията/редакция 18.06.2012
Статус, дата на статуса ф /
Служител, извършил регистрацията/редакцията Людмила_Стоянова
944 ## - СЪЗДАВАНЕ И РЕДАКЦИЯ на ЗАПИСА
Създаване/Редакция Редакция
Дата на регистрацията/редакция 07.12.2016
Статус, дата на статуса ф /
Служител, извършил регистрацията/редакцията Людмила_Стоянова
999 ## - СИСТЕМНИ КОНТРОЛНИ НОМЕРА
Koha biblioitemnumber 113307
Наличности
Код за отписване Код за изгубен артикул Източник на класификационната схема Код за повреда Коз за рестрикции Код за отдаване Артикулен № Име на библиотеката - собственик Име на библиотеката, в която се намира в момента Статус (Текущо местоположение) Дата на вписване в системата Местоположение - отдел Цена в лева Инвентарен номер Систематично азбучна сигнатура Баркод Номер на екземпляра Цена в евро Служебна бележка Служебен тип на артикула
Изтеглен Не е изгубен Universal Decimal Classification Не е повреден без рестрикции заемане за дома 181505 Регионална библиотека "Любен Каравелов" Русе Регионална библиотека "Любен Каравелов" Русе Заемна - подръчен фонд 2012-06-18 Заемна - подръчен фонд 1.96 120000758348 П 840-31/Т 86 120000758348 1 1.00 Дост: DA Вид: А N: 11 Дата: 18.06.2012 Дата инв: 13.02.2018 Бележки инв: П2018 Книги
  Не е изгубен Universal Decimal Classification Не е повреден без рестрикции ползва се в читалня 181506 Регионална библиотека "Любен Каравелов" Русе Регионална библиотека "Любен Каравелов" Русе Хранилище 1993-01-01 Хранилище 0.98 583792 Цб 172571 120000583792 2 0.50 Дост: Dp Вид: Д N: стар фонд Дата: 01.01.1993 Книги
Изтеглен Не е изгубен Universal Decimal Classification Не е повреден без рестрикции заемане за дома 181507 Регионална библиотека "Любен Каравелов" Русе Регионална библиотека "Любен Каравелов" Русе Заемна - подръчен фонд 2016-07-22 Заемна - подръчен фонд 1.12 120000802486 П 840-31/Т 86 120000802486 3 0.57 Дост: DA Вид: А N: 30 Дата: 22.07.2016 Дата инв: 12.03.2018 Бележки инв: П2018 Книги
Vip Innovations Ltd, Rousse, Bulgaria 2025